000
00314nam a2200121Ia 4500
005
20251222144738.0
008
251222s9999||||xx |||||||||||||| ||spa||
020
_a
968-16-6591-0
082
_a
370.721.8/O65
245
0
_a
Niños Pequeños, Grandes Desafíos:
264
_b
Fondo de Cultura Económica
942
_c
LIB
999
_c
18843
_d
18843